<?xml version="1.0" encoding="UTF-8"?>
<record
    xmlns:xsi="http://www.w3.org/2001/XMLSchema-instance"
    xsi:schemaLocation="http://www.loc.gov/MARC21/slim http://www.loc.gov/standards/marcxml/schema/MARC21slim.xsd"
    xmlns="http://www.loc.gov/MARC21/slim">

  <leader>01640nam0a2200397   4500</leader>
  <controlfield tag="001">RU\NLR\bibl\242934</controlfield>
  <controlfield tag="005">20260406060657.0</controlfield>
  <datafield tag="010" ind1=" " ind2=" ">
    <subfield code="a">5-8071-0064-6</subfield>
    <subfield code="b">&#x412; &#x43F;&#x435;&#x440;.</subfield>
    <subfield code="9">3000</subfield>
  </datafield>
  <datafield tag="021" ind1=" " ind2=" ">
    <subfield code="a">RU</subfield>
    <subfield code="b">2001-45816</subfield>
    <subfield code="9">2191</subfield>
  </datafield>
  <datafield tag="035" ind1=" " ind2=" ">
    <subfield code="a">(NLR Aleph) 000238805</subfield>
  </datafield>
  <datafield tag="090" ind1=" " ind2=" ">
    <subfield code="a">1391342</subfield>
    <subfield code="c">1391342</subfield>
  </datafield>
  <datafield tag="100" ind1=" " ind2=" ">
    <subfield code="a">20020305d2001    |||y0rusy50      ca</subfield>
  </datafield>
  <datafield tag="101" ind1="1" ind2=" ">
    <subfield code="a">rus</subfield>
    <subfield code="c">eng</subfield>
  </datafield>
  <datafield tag="102" ind1=" " ind2=" ">
    <subfield code="a">RU</subfield>
  </datafield>
  <datafield tag="105" ind1=" " ind2=" ">
    <subfield code="a">ah  |||||||||</subfield>
  </datafield>
  <datafield tag="200" ind1="1" ind2=" ">
    <subfield code="a">&#x414;&#x438;&#x43A;&#x438;&#x439; &#x43F;&#x43B;&#x44E;&#x449;</subfield>
    <subfield code="e">&#x414;&#x443;&#x445;&#x43E;&#x432;. &#x430;&#x432;&#x442;&#x43E;&#x431;&#x438;&#x43E;&#x433;&#x440;. &#x434;&#x437;&#x44D;&#x43D;&#x441;. &#x43D;&#x430;&#x441;&#x442;&#x430;&#x432;&#x43D;&#x438;&#x43A;&#x430; &#x425;&#x430;&#x43A;&#x443;&#x438;&#x43D;&#x430;</subfield>
    <subfield code="f">&#x41F;&#x435;&#x440;. [&#x441; &#x44F;&#x43F;.] &#x438; &#x43F;&#x440;&#x435;&#x434;&#x438;&#x441;&#x43B;. &#x41D;&#x43E;&#x440;&#x43C;&#x430;&#x43D;&#x430; &#x423;&#x43E;&#x434;&#x435;&#x43B;&#x43B;&#x430;</subfield>
    <subfield code="g">[&#x41F;&#x435;&#x440;. &#x441; &#x430;&#x43D;&#x433;&#x43B;. &#x41B;&#x430;&#x440;&#x438;&#x43E;&#x43D;&#x43E;&#x432;&#x430; &#x418;.&#x42E;.]</subfield>
  </datafield>
  <datafield tag="210" ind1=" " ind2=" ">
    <subfield code="a">&#x421;&#x41F;&#x431;.</subfield>
    <subfield code="c">&#x415;&#x432;&#x440;&#x430;&#x437;&#x438;&#x44F;</subfield>
    <subfield code="d">2001</subfield>
  </datafield>
  <datafield tag="215" ind1=" " ind2=" ">
    <subfield code="a">333 &#x441;.</subfield>
    <subfield code="c">&#x438;&#x43B;., &#x444;&#x430;&#x43A;&#x441;.</subfield>
    <subfield code="d">17</subfield>
  </datafield>
  <datafield tag="300" ind1=" " ind2=" ">
    <subfield code="a">&#x41F;&#x435;&#x440;. &#x438;&#x437;&#x434;.: Wild ivy: The spiritual autobiogr. of Zen Master Hakuin / Transl. by Norman Waddell. Boston; London, 1999</subfield>
  </datafield>
  <datafield tag="320" ind1=" " ind2=" ">
    <subfield code="a">&#x411;&#x438;&#x431;&#x43B;&#x438;&#x43E;&#x433;&#x440;.: &#x441;. 331-333</subfield>
  </datafield>
  <datafield tag="454" ind1=" " ind2="0">
    <subfield code="1">2001#$aWild ivy$eThe spiritual autobiogr. of Zen Master Hakuin$fTransl. by Norman Waddell</subfield>
    <subfield code="1">210##$aBoston$aLondon$d1999</subfield>
    <subfield code="t">Wild ivy</subfield>
  </datafield>
  <datafield tag="600" ind1=" " ind2="1">
    <subfield code="a">&#x425;&#x430;&#x43A;&#x443;&#x438;&#x43D;</subfield>
    <subfield code="b">&#x42D;.</subfield>
    <subfield code="f">1686 - 1768</subfield>
    <subfield code="g">&#x42D;&#x43A;&#x430;&#x43A;&#x443;</subfield>
    <subfield code="9">2240919</subfield>
    <subfield code="3">RU\NLR\auth\661344685</subfield>
  </datafield>
  <datafield tag="610" ind1="0" ind2=" ">
    <subfield code="a">&#x414;&#x437;&#x44D;&#x43D;-&#x431;&#x443;&#x434;&#x434;&#x438;&#x437;&#x43C;</subfield>
  </datafield>
  <datafield tag="675" ind1=" " ind2=" ">
    <subfield code="a">294</subfield>
    <subfield code="v">3</subfield>
    <subfield code="z">rus</subfield>
  </datafield>
  <datafield tag="686" ind1=" " ind2=" ">
    <subfield code="a">21.51</subfield>
    <subfield code="2">rugasnti</subfield>
  </datafield>
  <datafield tag="686" ind1=" " ind2=" ">
    <subfield code="a">86.35</subfield>
    <subfield code="2">rubbk</subfield>
  </datafield>
  <datafield tag="686" ind1=" " ind2=" ">
    <subfield code="a">&#x42D;353.2</subfield>
  </datafield>
  <datafield tag="700" ind1=" " ind2="1">
    <subfield code="4">070</subfield>
    <subfield code="8">rus</subfield>
    <subfield code="7">ca</subfield>
    <subfield code="a">&#x425;&#x430;&#x43A;&#x443;&#x438;&#x43D;</subfield>
    <subfield code="b">&#x42D;.</subfield>
    <subfield code="f">1685-1769</subfield>
    <subfield code="g">&#x42D;&#x43A;&#x430;&#x43A;&#x443;</subfield>
    <subfield code="3">RU\NLR\auth\7710857</subfield>
    <subfield code="9">120621</subfield>
  </datafield>
  <datafield tag="702" ind1=" " ind2="1">
    <subfield code="a">&#x423;&#x43E;&#x434;&#x435;&#x43B;&#x43B;</subfield>
    <subfield code="b">&#x41D;.</subfield>
    <subfield code="g">&#x41D;&#x43E;&#x440;&#x43C;&#x430;&#x43D;</subfield>
    <subfield code="4">730</subfield>
  </datafield>
  <datafield tag="801" ind1=" " ind2="0">
    <subfield code="a">RU</subfield>
    <subfield code="b">RKP</subfield>
    <subfield code="c">20020305</subfield>
    <subfield code="g">PSBO</subfield>
  </datafield>
  <datafield tag="801" ind1=" " ind2="1">
    <subfield code="a">RU</subfield>
    <subfield code="b">RKP</subfield>
    <subfield code="c">20020305</subfield>
  </datafield>
  <datafield tag="801" ind1=" " ind2="2">
    <subfield code="a">RU</subfield>
    <subfield code="b">NLR</subfield>
    <subfield code="c">20020506</subfield>
    <subfield code="g">rcr</subfield>
  </datafield>
  <datafield tag="942" ind1=" " ind2=" ">
    <subfield code="c">BOOK</subfield>
  </datafield>
  <datafield tag="980" ind1=" " ind2=" ">
    <subfield code="a">NB</subfield>
  </datafield>
  <datafield tag="995" ind1=" " ind2=" ">
    <subfield code="5">2002-03-27</subfield>
    <subfield code="a">ad</subfield>
    <subfield code="b">NLR01</subfield>
    <subfield code="c">NLR01</subfield>
    <subfield code="e">RF8</subfield>
    <subfield code="f">237767</subfield>
    <subfield code="k">2002-2/1243</subfield>
    <subfield code="o">0</subfield>
    <subfield code="r">BOOK</subfield>
    <subfield code="s">200221243_</subfield>
  </datafield>
  <datafield tag="995" ind1=" " ind2=" ">
    <subfield code="5">2002-03-27</subfield>
    <subfield code="a">ad</subfield>
    <subfield code="b">NLR01</subfield>
    <subfield code="c">NLR01</subfield>
    <subfield code="e">RF8</subfield>
    <subfield code="f">237768</subfield>
    <subfield code="k">2002-2/1243</subfield>
    <subfield code="o">0</subfield>
    <subfield code="r">BOOK</subfield>
    <subfield code="s">200221243_</subfield>
  </datafield>
</record>
